| 000 | 00638nam a2200181Ia 4500 | ||
|---|---|---|---|
| 008 | 100920s9999 xx 000 0 und d | ||
| 082 |
_b95296 _a910 थ 88 |
||
| 100 | _aगोडबोले अरुण रा. | ||
| 245 | _aअजिंक्यतारा ते आल्स. | ||
| 260 |
_bकौशिक प्रकाशन,सातारा. _c1988 |
||
| 300 |
_a316 _bसाधी |
||
| 365 | _b72 | ||
| 520 | _aभू.प्र. | ||
| 630 | _aअजिंक्यतारा ते आल्स. | ||
| 650 | _aभू.प्र. | ||
| 730 | _aअजिंक्यतारा ते आल्स. | ||
| 942 | _cBOOK | ||
| 999 |
_c735738 _d735735 |
||